<?xml version="1.0" encoding="UTF-8"?>
<record
    xmlns:xsi="http://www.w3.org/2001/XMLSchema-instance"
    xsi:schemaLocation="http://www.loc.gov/MARC21/slim http://www.loc.gov/standards/marcxml/schema/MARC21slim.xsd"
    xmlns="http://www.loc.gov/MARC21/slim">

  <leader>00441nam a2200157Ia 4500</leader>
  <controlfield tag="008">230718s9999    xx            000 0 und d</controlfield>
  <datafield tag="041" ind1=" " ind2=" ">
    <subfield code="a">eng</subfield>
  </datafield>
  <datafield tag="082" ind1=" " ind2=" ">
    <subfield code="a">005.4'53</subfield>
    <subfield code="b">TRE</subfield>
  </datafield>
  <datafield tag="100" ind1=" " ind2=" ">
    <subfield code="a">Tremblay J.P.</subfield>
    <subfield code="9">121170</subfield>
  </datafield>
  <datafield tag="245" ind1=" " ind2=" ">
    <subfield code="a">Theory And Practice Of Compiler Writing</subfield>
  </datafield>
  <datafield tag="260" ind1=" " ind2=" ">
    <subfield code="b">BS Publications</subfield>
  </datafield>
  <datafield tag="300" ind1=" " ind2=" ">
    <subfield code="a">796</subfield>
  </datafield>
  <datafield tag="365" ind1=" " ind2=" ">
    <subfield code="c">Rs.</subfield>
    <subfield code="b">350.00</subfield>
  </datafield>
  <datafield tag="700" ind1=" " ind2=" ">
    <subfield code="a">Tremblay J.P. &amp; Sorenson P.G.</subfield>
  </datafield>
  <datafield tag="906" ind1=" " ind2=" ">
    <subfield code="d">O:0247917-Jan-2012B:281122-Dec-2011</subfield>
    <subfield code="c">IT</subfield>
    <subfield code="b">175</subfield>
  </datafield>
  <datafield tag="999" ind1=" " ind2=" ">
    <subfield code="c">329652</subfield>
    <subfield code="d">329652</subfield>
  </datafield>
  <datafield tag="952" ind1=" " ind2=" ">
    <subfield code="0">0</subfield>
    <subfield code="1">0</subfield>
    <subfield code="4">0</subfield>
    <subfield code="7">0</subfield>
    <subfield code="a">CCEP</subfield>
    <subfield code="b">CCEP</subfield>
    <subfield code="d">2012-01-17</subfield>
    <subfield code="e">Om Book Stall</subfield>
    <subfield code="f">IT</subfield>
    <subfield code="g">262.50</subfield>
    <subfield code="i">2811</subfield>
    <subfield code="l">0</subfield>
    <subfield code="o">005.4'53</subfield>
    <subfield code="p">CCEP-BK-40859</subfield>
    <subfield code="r">2023-07-18 00:00:00</subfield>
    <subfield code="t">175</subfield>
    <subfield code="v">350.00</subfield>
    <subfield code="w">2011-12-22</subfield>
    <subfield code="y">BK</subfield>
    <subfield code="z">040859</subfield>
  </datafield>
</record>
